[Event "WK-PCA Londen"]
[Site "?"]
[Date "1993.??.??"]
[Round "?"]
[White "Kasparov, Gary"]
[Black "Short, Nigel D"]
[Result "1/2-1/2"]
[WhiteElo "2805"]
[BlackElo "2655"]
[PlyCount "59"]
[EventDate "1993.??.??"]
[Source "www.chesslib.no"]
[SourceDate "2004.05.04"]

1. e4 e5 2. Nf3 Nc6 3. Bb5 a6 4. Ba4 d6 5. Bxc6+ bxc6 6. d4 exd4 7. Qxd4 Nf6 8. O-O Be7 9. e5 c5 10. Qd3 dxe5 11. Qxd8+ Bxd8 12. Nxe5 Be7 13. Re1 O-O 14. Bg5 Be6 15. Nd2 Rfe8 16. h3 h6 17. Bh4 Rad8 18. Ndf3 g5 19. Bg3 Bd5 20. Rad1 Kg7 21. c4 Bb7 22. Rxd8 Rxd8 23. Nc6 Bxc6 24. Rxe7 Rd1+ 25. Kh2 Ne4 26. Rxc7 Bd7 27. Ne5 Nd2 28. Rxd7 Nf1+ 29. Kg1 Nd2+ 30. Kh2 1/2-1/2

[Event "Sufe Cup"]
[Site "Shanghai"]
[Date "2000.03.04"]
[Round "2"]
[White "Zhang Zhong"]
[Black "Yin Hao"]
[Result "1/2-1/2"]
[WhiteElo "2611"]
[BlackElo "2496"]
[PlyCount "41"]
[EventDate "2000.03.03"]
[Source "ChessBase"]
[SourceDate "2000.05.31"]

1. e4 e5 2. Nf3 Nc6 3. Bb5 a6 4. Ba4 Nf6 5. O-O d6 6. Bxc6+ bxc6 7. d4 exd4 8. Qxd4 c5 9. Qd3 Bb7 10. Nc3 Nd7 11. Bf4 Be7 12. Rad1 O-O 13. Rfe1 Nb6 14. Nd2 Bg5 15. Bg3 Bxd2 16. Qxd2 Qd7 17. b3 Qe6 18. f3 Rfe8 19. Qf2 f6 20. Bf4 Qf7 21. Bd2 1/2-1/2

[Event "Hamburg"]
[Site "?"]
[Date "1995.??.??"]
[Round "?"]
[White "Kovalev, A."]
[Black "Malaniuk, Vladimir P"]
[Result "0-1"]
[WhiteElo "2505"]
[BlackElo "2580"]
[PlyCount "104"]
[EventDate "1995.??.??"]
[Source "ChessBase"]
[SourceDate "1995.10.01"]

1. e4 e5 2. Nf3 Nc6 3. Bb5 a6 4. Ba4 d6 5. Bxc6+ bxc6 6. d4 Nf6 7. Nc3 Nd7 8. Bg5 f6 9. Be3 Be7 10. Qe2 a5 11. Nh4 g6 12. f4 exf4 13. Bxf4 O-O 14. Bh6 Rf7 15. O-O-O c5 16. dxc5 Nxc5 17. Nf3 Bf8 18. Be3 Qe8 19. Bxc5 dxc5 20. Rhe1 Ra6 21. Nd5 Re6 22. Kb1 Ba6 23. Qd2 c6 24. Nf4 Rxe4 25. Qxa5 Bc4 26. b3 Rfe7 27. Rxe4 Rxe4 28. Rd8 Qe7 29. Qd2 Bd5 30. Rc8 Bf7 31. Rxc6 Qb7 32. Rxf6 Be7 33. Rd6 Bxd6 34. Qxd6 Qe7 35. Qxe7 Rxe7 36. a4 c4 37. b4 h6 38. h4 Re4 39. g3 Re3 40. Nd4 c3 41. Nd3 Bc4 42. b5 Rxg3 43. b6 Rg1+ 44. Nc1 Ba6 45. Ne6 g5 46. hxg5 h5 47. Nc5 Bc8 48. a5 Rxg5 49. N1d3 h4 50. a6 Bxa6 51. Nxa6 Rb5+ 52. Kc1 Ra5 0-1

[Event "BL2-Ost 0001"]
[Site "Germany"]
[Date "2000.12.10"]
[Round "3.1"]
[White "Luther, Thomas"]
[Black "Grabarczyk, Miroslaw"]
[Result "1/2-1/2"]
[WhiteElo "2547"]
[BlackElo "2495"]
[PlyCount "37"]
[EventDate "2000.10.15"]
[Source "ChessBase"]
[SourceDate "2001.07.03"]

1. e4 e5 2. Nf3 Nc6 3. Bb5 Nf6 4. d3 d6 5. O-O a6 6. Bxc6+ bxc6 7. d4 exd4 8. Qxd4 c5 9. Qd3 Be7 10. Nc3 O-O 11. Re1 Bb7 12. Bg5 Nd7 13. Bxe7 Qxe7 14. Nd5 Bxd5 15. Qxd5 Qe6 16. Qc6 Ne5 17. Nxe5 Qxe5 18. Qxc7 Qxb2 19. Qxd6 1/2-1/2

[Event "Sautron"]
[Site "?"]
[Date "2003.??.??"]
[Round "?"]
[White "Geller, J."]
[Black "Korobov, A."]
[Result "1-0"]
[WhiteElo "2485"]
[BlackElo "2555"]
[PlyCount "45"]
[EventDate "2003.??.??"]
[Source "Chess Informant"]
[SourceDate "2004.02.01"]

1. e4 e5 2. Nf3 Nc6 3. Bb5 a6 4. Ba4 d6 5. Bxc6+ bxc6 6. d4 exd4 7. Nxd4 c5 8. Nc6 Qd7 9. Na5 Qa4 10. Qd5 c6 11. Nc3 cxd5 12. Nxa4 dxe4 13. Bf4 Bd7 14. Nb6 Rb8 15. Nbc4 Nh6 16. O-O-O Nf5 17. Rhe1 Be6 18. Rxe4 Kd7 19. Nb3 Kc6 20. g4 Bxc4 21. Rxc4 g5 22. Nxc5 Kb5 23. b3 1-0

[Event "Moscow RUS"]
[Site "?"]
[Date "2002.??.??"]
[Round "6"]
[White "Nikolenko Oleg"]
[Black "Shabanov Yuri"]
[Result "1/2-1/2"]
[WhiteElo "2520"]
[BlackElo "2505"]
[PlyCount "74"]
[EventDate "2002.??.??"]
[Source "www.chesslib.no"]
[SourceDate "2004.05.04"]

1. e4 e5 2. Nf3 Nc6 3. Bb5 a6 4. Ba4 Nf6 5. O-O d6 6. Bxc6+ bxc6 7. d4 exd4 8. Qxd4 Be7 9. e5 dxe5 10. Qxd8+ Bxd8 11. Nxe5 c5 12. Nc6 Be6 13. Nc3 Nd7 14. Nxd8 Kxd8 15. Be3 Kc8 16. Rfd1 Kb7 17. Nd5 Nb6 18. Nf4 Bf5 19. Bxc5 Bxc2 20. Rd2 Bf5 21. Rad1 Rae8 22. f3 f6 23. Kf2 h5 24. h4 g5 25. Bxb6 gxf4 26. Bd4 Rh6 27. Bc3 Rg6 28. Rd5 Reg8 29. Rg1 Bh3 30. Rxh5 Rxg2+ 31. Rxg2 Rxg2+ 32. Ke1 Rg3 33. Rh6 Rxf3 34. Rxf6 Bg4 35. Bd2 Rh3 36. Rxf4 Rxh4 37. Rb4+ Kc8 1/2-1/2

[Event "NED Team Ch"]
[Site "NED"]
[Date "1993.??.??"]
[Round "2"]
[White "Nijboer, Friso"]
[Black "Winants, Luc"]
[Result "0-1"]
[WhiteElo "2505"]
[BlackElo "2520"]
[PlyCount "62"]
[EventDate "1993.??.??"]
[Source "www.chesslib.no"]
[SourceDate "2004.05.04"]

1. e4 e5 2. Nf3 Nc6 3. Bb5 a6 4. Ba4 d6 5. Bxc6+ bxc6 6. d4 exd4 7. Qxd4 Nf6 8. O-O Be7 9. e5 c5 10. Qa4+ Bd7 11. Qb3 Ng4 12. Bf4 O-O 13. h3 Rb8 14. Qd3 Nxe5 15. Nxe5 Bb5 16. c4 dxe5 17. Qxd8 Rfxd8 18. Bxe5 Bxc4 19. Rc1 Rd5 20. Na3 Bd3 21. Bc3 c4 22. Nc2 Bc5 23. Ne3 Rd7 24. Rd1 Rdd8 25. Rac1 Re8 26. Re1 f5 27. Nd5 Bd6 28. Bd4 c6 29. Ne3 f4 30. Nf1 Bb4 31. Bc3 Bxc3 0-1

[Event "Groningen"]
[Site "Groningen"]
[Date "1990.??.??"]
[Round "?"]
[White "Wahls, Matthias"]
[Black "Piket, Jeroen"]
[Result "1/2-1/2"]
[WhiteElo "2525"]
[BlackElo "2495"]
[PlyCount "85"]
[EventDate "1990.12.??"]
[Source "ChessBase"]

1. e4 e5 2. Nf3 Nc6 3. Bb5 a6 4. Ba4 d6 5. Bxc6+ bxc6 6. d4 exd4 7. Qxd4 c5 8. Qd3 g6 9. c4 Bg7 10. Nc3 Ne7 11. O-O O-O 12. Re1 Nc6 13. Bg5 Qd7 14. Nd5 f6 15. Bd2 Qf7 16. Bc3 Be6 17. h3 a5 18. Qd2 a4 19. Re2 h6 20. Rae1 Ne5 21. Nxe5 fxe5 22. Re3 Qd7 23. Rd3 Rf7 24. Ba5 Qc8 25. Rf3 Ra7 26. Rxf7 Kxf7 27. Bc3 Qa6 28. f4 Qxc4 29. fxe5 Bxd5 30. exd5 dxe5 31. Kh1 Ra6 32. Bxe5 Bxe5 33. Rxe5 Rf6 34. Qxh6 Qf1+ 35. Kh2 Qf4+ 36. Qxf4 Rxf4 37. a3 Rf2 38. Re4 Rxb2 39. Rxa4 Kf6 40. Rc4 Rb5 41. Re4 Ra5 42. a4 Kf5 43. Re7 1/2-1/2

[Event "It"]
[Site "Zenica BIH"]
[Date "1989.??.??"]
[Round "11"]
[White "Mikhalchishin, Adrian B"]
[Black "Smagin, Sergey B"]
[Result "1/2-1/2"]
[WhiteElo "2475"]
[BlackElo "2540"]
[PlyCount "31"]
[EventDate "1989.??.??"]
[Source "www.chesslib.no"]
[SourceDate "2004.05.04"]

1. e4 e5 2. Nf3 Nc6 3. Bb5 a6 4. Ba4 d6 5. Bxc6+ bxc6 6. d4 exd4 7. Nxd4 Bd7 8. O-O Nf6 9. Nc3 Be7 10. Bf4 O-O 11. Re1 Ne8 12. Qd3 Qb8 13. b3 g6 14. Rad1 Ng7 15. Bh6 Re8 16. Nce2 1/2-1/2

[Event "Ch Belgium (team) 2006/07"]
[Site "Belgium"]
[Date "2007.01.14"]
[Round "6"]
[White "Belkhodja Slim (TUN)"]
[Black "Winants Luc (BEL)"]
[Result "1/2-1/2"]
[WhiteElo "2487"]
[BlackElo "2516"]
[PlyCount "91"]
[EventDate "2007.??.??"]
[Source "www.chesslib.no"]
[SourceDate "2004.05.04"]

1. e4 e5 2. Nf3 Nc6 3. Bb5 a6 4. Ba4 d6 5. O-O Nf6 6. Bxc6+ bxc6 7. d4 Be7 8. Nc3 Nd7 9. Be3 O-O 10. Qd2 f6 11. Ne1 Nb6 12. b3 exd4 13. Bxd4 c5 14. Be3 f5 15. Nd3 Bf6 16. Rad1 Qe8 17. Nd5 Nxd5 18. exd5 h6 19. Rfe1 Qf7 20. Qa5 g5 21. Bc1 f4 22. Bb2 Bxb2 23. Nxb2 f3 24. Re3 fxg2 25. Qd2 Bg4 26. Rde1 Rae8 27. c4 Rxe3 28. Rxe3 Bf3 29. Nd3 Re8 30. Ne1 Rxe3 31. Qxe3 Bh5 32. Nxg2 Qf6 33. h4 Bg6 34. hxg5 hxg5 35. Qg3 Kf7 36. Qg4 Qf5 37. Qe2 Qb1+ 38. Kh2 Qe4 39. Qd2 Kf6 40. Qa5 Qe5+ 41. Kg1 Be4 42. Qxc7 Qa1+ 43. Kh2 Qe5+ 44. Kg1 Qa1+ 45. Kh2 Qe5+ 46. Kg1 1/2-1/2

[Event "IX Foxwoods Open"]
[Site "Mashantucket USA"]
[Date "2007.04.07"]
[Round "6"]
[White "Friedel, Joshua E"]
[Black "Hess, Robert L"]
[Result "1/2-1/2"]
[WhiteElo "2544"]
[BlackElo "2447"]
[PlyCount "146"]
[EventDate "2007.04.04"]
[Source "www.chesslib.no"]
[SourceDate "2004.05.04"]

1. e4 e5 2. Nf3 Nc6 3. Bb5 a6 4. Ba4 d6 5. Bxc6+ bxc6 6. d4 exd4 7. Qxd4 c5 8. Qd3 Ne7 9. Nc3 Nc6 10. Nd5 Be7 11. O-O O-O 12. Bd2 Bf6 13. Nxf6+ Qxf6 14. Bc3 Qe7 15. Rfe1 Bb7 16. e5 Rad8 17. exd6 Qxd6 18. Qe4 Qg6 19. Qxg6 hxg6 20. Ne5 Rfe8 21. Nd3 c4 22. Nc5 Bc8 23. f3 f6 24. Kf2 Rxe1 25. Rxe1 Kf7 26. Re4 Rd6 27. Rxc4 Ne7 28. Ba5 Rc6 29. b3 Nf5 30. a4 Nd6 31. Rc3 Nb7 32. Bb4 Nd8 33. Ke3 g5 34. Rd3 Ne6 35. Nxe6 Bxe6 36. c4 Bf5 37. Rc3 Ke8 38. Kd4 Re6 39. g4 Bb1 40. Rc1 Ba2 41. Rc3 Re2 42. Ba3 Kd7 43. h3 Bb1 44. a5 Rd2+ 45. Ke3 Rc2 46. Rd3+ Ke8 47. Kd4 Re2 48. Rc3 Rd2+ 49. Kc5 Kd7 50. b4 Bg6 51. b5 axb5 52. cxb5 Rc2 53. Kd4 Rxc3 54. Kxc3 Bf7 55. Kd4 Bb3 56. a6 Ke6 57. Bb4 Bd1 58. Ke3 Bb3 59. Bf8 g6 60. Bb4 Bc4 61. a7 Bd5 62. Bc3 Bb7 63. Kf2 Ke7 64. Bd2 Kd6 65. f4 Kc5 66. f5 gxf5 67. gxf5 Be4 68. Bxg5 Kb6 69. Bxf6 Kb7 70. Bd4 Bxf5 71. h4 Bd3 72. b6 cxb6 73. Bxb6 Bh7 1/2-1/2

[Event "Graz AUT"]
[Site "Graz AUT"]
[Date "1991.??.??"]
[Round "6"]
[White "Luther, Thomas"]
[Black "Barbero, Gerardo F"]
[Result "1/2-1/2"]
[WhiteElo "2495"]
[BlackElo "2495"]
[PlyCount "30"]
[EventDate "1991.??.??"]
[Source "www.chesslib.no"]
[SourceDate "2004.05.04"]

1. e4 e5 2. Nf3 Nc6 3. Bb5 a6 4. Ba4 d6 5. Bxc6+ bxc6 6. d4 exd4 7. Qxd4 c5 8. Qd3 g6 9. Bg5 f6 10. Be3 Bg7 11. Nc3 Ne7 12. h4 h6 13. O-O-O Be6 14. Nd2 O-O 15. f4 f5 1/2-1/2

[Event "Tilburg"]
[Site "?"]
[Date "1992.??.??"]
[Round "?"]
[White "Nijboer, F."]
[Black "Winants, L."]
[Result "0-1"]
[WhiteElo "2485"]
[BlackElo "2505"]
[PlyCount "102"]
[EventDate "1992.??.??"]
[Source "ChessBase"]
[SourceDate "1992.10.01"]

1. e4 e5 2. Nf3 Nc6 3. Bb5 a6 4. Ba4 d6 5. Bxc6+ bxc6 6. d4 Nf6 7. Nc3 Nd7 8. O-O Be7 9. Ne2 O-O 10. Ng3 Re8 11. c3 a5 12. Re1 Bf8 13. Be3 a4 14. Qc2 f6 15. Nd2 d5 16. Rad1 Nb6 17. dxe5 fxe5 18. exd5 cxd5 19. Bxb6 cxb6 20. Nc4 Bg4 21. Rd2 Bc5 22. Nxe5 Qd6 23. Nd3 b5 24. Qc1 Bb6 25. Nb4 Be6 26. Ne4 Qf4 27. g3 Qg4 28. Nd6 Rf8 29. Qd1 Qh3 30. Rd4 Rxf2 31. Kxf2 Bxd4+ 32. Qxd4 Qxh2+ 33. Ke3 Qxg3+ 34. Kd2 Qxd6 35. Rg1 g6 36. Nd3 Bf5 37. Nf4 Re8 38. Kc1 Qe5 39. Qxd5+ Qxd5 40. Nxd5 Kf7 41. Rd1 h5 42. Nc7 Re5 43. Kd2 g5 44. Re1 Rc5 45. Na6 Rd5+ 46. Ke3 Re5+ 47. Kf2 Rxe1 48. Kxe1 h4 49. Nc7 Bd3 50. Kf2 g4 51. Nd5 g3+ 0-1

[Event "V Camp. Paesi del Mediterraneo"]
[Site "Hammam Sousse TUN"]
[Date "2007.11.28"]
[Round "3.1"]
[White "Sarwat, Walaa"]
[Black "Atalik, Suat"]
[Result "1/2-1/2"]
[WhiteElo "2385"]
[BlackElo "2599"]
[PlyCount "129"]
[EventDate "2007.11.26"]
[Source "www.chesslib.no"]
[SourceDate "2004.05.04"]

1. e4 e5 2. Nf3 Nc6 3. Bb5 a6 4. Ba4 Nf6 5. O-O d6 6. Bxc6+ bxc6 7. d4 Be7 8. Re1 exd4 9. Nxd4 Bd7 10. Qf3 O-O 11. Nf5 Bxf5 12. Qxf5 Nd7 13. Bd2 Rb8 14. Bc3 Rb5 15. Qh3 Bf6 16. Bxf6 Nxf6 17. b3 Re8 18. Nd2 Rbe5 19. Qd3 Qa8 20. Re3 d5 21. Rae1 dxe4 22. Qc4 Qd8 23. Nf1 a5 24. Qxc6 Nd5 25. Rd1 Qa8 26. Qxa8 Rxa8 27. Ree1 Nc3 28. Rd7 Rc5 29. a4 f5 30. Ng3 g6 31. f3 Re8 32. fxe4 f4 33. Nf1 Rxe4 34. Rxe4 Nxe4 35. Rd4 Nd6 36. c4 g5 37. Nd2 Kf7 38. Kf2 Ke6 39. h4 h6 40. hxg5 hxg5 41. Nb1 Ke5 42. Rd3 Ne4+ 43. Ke2 Kf5 44. Nd2 Ng3+ 45. Kd1 Kg4 46. Nf3 Nf5 47. Nh2+ Kh5 48. Rh3+ Kg6 49. Ng4 Nd4 50. Rd3 Ne6 51. Rd7 Kf5 52. Nh6+ Ke4 53. Re7 Rc6 54. Ke2 Ke5 55. Kd3 Kd6 56. Nf5+ Kc5 57. Kc3 Kb6 58. Re8 Nc5 59. Rb8+ Ka6 60. Nd4 Rd6 61. Ra8+ Kb6 62. Rb8+ Ka6 63. Ra8+ Kb6 64. Rb8+ Ka6 65. Ra8+ 1/2-1/2

[Event "Sibenik"]
[Site "?"]
[Date "2006.09.29"]
[Round "8.1"]
[White "Brkic Ante"]
[Black "Petkov Vladimir"]
[Result "1-0"]
[WhiteElo "2496"]
[BlackElo "2480"]
[PlyCount "81"]
[EventDate "2006.??.??"]
[Source "www.chesslib.no"]
[SourceDate "2004.05.04"]

1. e4 e5 2. Nf3 Nc6 3. Bb5 Nf6 4. d3 d6 5. O-O a6 6. Bxc6+ bxc6 7. d4 exd4 8. Qxd4 c5 9. Qd3 Be7 10. c4 O-O 11. Nc3 Bb7 12. Re1 Re8 13. Bf4 Nd7 14. Nd5 Bf6 15. Nxf6+ Qxf6 16. Bg3 Bc6 17. Re2 Rab8 18. h3 Qg6 19. Rae1 Qh5 20. b3 Re6 21. Re3 Rbe8 22. Nd2 Ne5 23. Qc3 Ng6 24. Qa5 R6e7 25. Qxa6 Ba8 26. Qa5 Qg5 27. Nf3 Qf6 28. e5 dxe5 29. Nxe5 Nxe5 30. Rxe5 Qc6 31. f3 Rxe5 32. Rxe5 Rd8 33. Qxc5 Qg6 34. Qxc7 Rf8 35. Re2 h5 36. Kh2 Qd3 37. Qe7 Bc6 38. Qe3 Qb1 39. Qc5 Qg6 40. Bf4 Rc8 41. Qg5 1-0

[Event "Los Angeles"]
[Site "Los Angeles, CA USA"]
[Date "1974.??.??"]
[Round "11"]
[White "Soltis, Andrew E"]
[Black "Gheorghiu, Florin"]
[Result "1/2-1/2"]
[WhiteElo "2435"]
[BlackElo "2540"]
[PlyCount "37"]
[EventDate "1974.??.??"]
[Source "www.chesslib.no"]
[SourceDate "2004.05.04"]

1. e4 e5 2. Nf3 Nc6 3. Bb5 a6 4. Ba4 d6 5. Bxc6+ bxc6 6. d4 exd4 7. Qxd4 c5 8. Qd3 f6 9. Nc3 Ne7 10. Be3 Be6 11. Nd5 Nxd5 12. exd5 Bd7 13. O-O Be7 14. Nh4 O-O 15. Nf5 Re8 16. Rfe1 Bf8 17. Bd2 Qc8 18. Ng3 Qb7 19. Nh5 1/2-1/2

[Event "Auckland LAT rap op"]
[Site "?"]
[Date "1997.??.??"]
[Round "4"]
[White "Solomon Stephen J"]
[Black "Sermek Drazen"]
[Result "1/2-1/2"]
[WhiteElo "2395"]
[BlackElo "2575"]
[PlyCount "84"]
[EventDate "1997.??.??"]
[Source "www.chesslib.no"]
[SourceDate "2004.05.04"]

1. e4 e5 2. Nf3 Nc6 3. Bb5 a6 4. Ba4 d6 5. Bxc6+ bxc6 6. d4 exd4 7. Qxd4 Ne7 8. b3 Ng6 9. Bb2 Nf4 10. g3 Ne6 11. Qd2 d5 12. exd5 Qxd5 13. Qxd5 cxd5 14. Nbd2 Bb7 15. O-O-O Bc5 16. Rhe1 O-O-O 17. Ne5 Rhf8 18. Nd3 Bd6 19. f4 Rg8 20. Nf3 Nc5 21. Ng5 Nxd3+ 22. Rxd3 f6 23. Nf7 Rd7 24. Nxd6+ Rxd6 25. Ba3 Rdd8 26. Rde3 Bc6 27. Kd2 d4 28. Re7 f5 29. R1e6 Kb7 30. Bd6 Bd7 31. Bxc7 Kxc7 32. Rxa6 Ra8 33. Rxa8 Rxa8 34. a4 g6 35. Rxh7 Kd6 36. Kd3 Rc8 37. Rg7 Be8 38. Kxd4 Rxc2 39. Rh7 Bd7 40. Rh6 Be8 41. Rh7 Bd7 42. Rh6 Be8 1/2-1/2

[Event "Match"]
[Site "Tilburg m"]
[Date "1992.??.??"]
[Round "?"]
[White "Nijboer, Friso"]
[Black "Winants, Luc"]
[Result "0-1"]
[WhiteElo "2455"]
[BlackElo "2515"]
[PlyCount "64"]
[EventDate "1992.??.??"]
[Source "www.chesslib.no"]
[SourceDate "2004.05.04"]

1. e4 e5 2. Nf3 Nc6 3. Bb5 a6 4. Ba4 d6 5. Bxc6+ bxc6 6. d4 Nf6 7. Nc3 Nd7 8. O-O Be7 9. Ne2 O-O 10. Ng3 Re8 11. c3 a5 12. Re1 Bf8 13. Be3 a4 14. Qc2 f6 15. Nd2 d5 16. Rad1 Nb6 17. dxe5 fxe5 18. Bxb6 cxb6 19. exd5 cxd5 20. Nc4 Bg4 21. Rd2 Bc5 22. Nxe5 Qd6 23. Nd3 b5 24. Qc1 Bb6 25. Nb4 Be6 26. Ne4 Qf4 27. g3 Qg4 28. Nd6 Rf8 29. Qd1 Qh3 30. Rd4 Rf3 31. g4 Bc5 32. Rde4 Re3 0-1

[Event "Peer Gynt"]
[Site "Gausdal NOR"]
[Date "1993.??.??"]
[Round "4"]
[White "Degerman, Lars"]
[Black "Davies, Nigel R"]
[Result "1/2-1/2"]
[WhiteElo "2460"]
[BlackElo "2505"]
[PlyCount "77"]
[EventDate "1993.07.??"]
[Source "www.chesslib.no"]
[SourceDate "2004.05.04"]

1. e4 e5 2. Nf3 Nc6 3. Bb5 a6 4. Ba4 d6 5. Bxc6+ bxc6 6. d4 exd4 7. Qxd4 c5 8. Qd3 Ne7 9. O-O Ng6 10. Nc3 Be7 11. Nd5 O-O 12. Bd2 Be6 13. Bc3 Bxd5 14. Qxd5 Bf6 15. e5 dxe5 16. Qxc5 Qd6 17. Qc4 Rfd8 18. Rfe1 Rd7 19. Re3 Re8 20. Rae1 Re6 21. h4 h5 22. Qe4 Qc6 23. Qf5 Nxh4 24. Nxh4 Bxh4 25. Rxe5 Rxe5 26. Qxe5 Bf6 27. Qxh5 Rd5 28. Qg4 Bxc3 29. bxc3 Rd8 30. c4 g6 31. Qf4 Qd6 32. Qg5 Kg7 33. c5 Qf6 34. Qe3 Qd4 35. g3 Rd5 36. Qxd4+ Rxd4 37. Re7 Ra4 38. Rxc7 Rxa2 39. Ra7 1/2-1/2

[Event "Graz Anton Afritsch mem"]
[Site "Graz"]
[Date "1991.??.??"]
[Round "6"]
[White "Luther, Thomas"]
[Black "Barbero, Gerardo F"]
[Result "1/2-1/2"]
[WhiteElo "2470"]
[BlackElo "2495"]
[PlyCount "28"]
[EventDate "1991.03.02"]
[Source "ChessBase"]

1. e4 e5 2. Nf3 Nc6 3. Bb5 a6 4. Ba4 d6 5. Bxc6+ bxc6 6. d4 exd4 7. Qxd4 c5 8. Qd3 g6 9. Be3 Bg7 10. Nc3 Ne7 11. h4 h6 12. O-O-O Be6 13. Nd2 O-O 14. f4 f6 1/2-1/2

[Event "Stary Smokovec"]
[Site "Stary Smokovec"]
[Date "1979.??.??"]
[Round "?"]
[White "Gazik, Igor"]
[Black "Knezevic, Milorad"]
[Result "1-0"]
[WhiteElo "2460"]
[BlackElo "2500"]
[PlyCount "91"]
[EventDate "1979.10.??"]
[Source "ChessBase"]

1. e4 e5 2. Nf3 Nc6 3. Bb5 a6 4. Ba4 d6 5. O-O Nf6 6. Bxc6+ bxc6 7. d4 Bg4 8. dxe5 Nxe4 9. Qd3 d5 10. Nd4 Bd7 11. Nc3 Nxc3 12. Qxc3 c5 13. Ne2 Bf5 14. Ng3 d4 15. Qf3 Be6 16. Qc6+ Bd7 17. Qe4 Rb8 18. f4 Qh4 19. c3 Rd8 20. Bd2 Bb5 21. Nf5 Qg4 22. e6 Qe2 23. Be3 g6 24. e7 gxf5 25. exd8=Q+ Kxd8 26. Qd5+ Kc8 27. Rfe1 Qc4 28. Qxc4 Bxc4 29. cxd4 cxd4 30. Bxd4 Rg8 31. b3 Bd5 32. g3 Bb4 33. Re2 Be4 34. Rc1 Rd8 35. Bc5 Bd2 36. Rc4 Rd3 37. Kf2 Ba5 38. b4 Rf3+ 39. Kg1 Bd3 40. Rec2 Rf1+ 41. Kg2 Ra1 42. bxa5 Bxc4 43. Rxc4 Rxa2+ 44. Kh3 Rxa5 45. Bb6 Rb5 46. Bxc7 1-0

[Event "Stockholm"]
[Site "Stockholm"]
[Date "1995.??.??"]
[Round "6"]
[White "Wedberg, Tom"]
[Black "Davies, Nigel R"]
[Result "1/2-1/2"]
[WhiteElo "2455"]
[BlackElo "2505"]
[PlyCount "26"]
[EventDate "1995.08.??"]
[Source "ChessBase"]

1. e4 e5 2. Nf3 Nc6 3. Bb5 a6 4. Ba4 d6 5. Bxc6+ bxc6 6. d4 exd4 7. Qxd4 c5 8. Qd3 Ne7 9. Nc3 Ng6 10. h4 h5 11. Ng5 Rb8 12. f4 Be7 13. g3 Bg4 1/2-1/2

[Event "Tbilisi"]
[Site "Tbilisi"]
[Date "1983.??.??"]
[Round "?"]
[White "Gufeld, Eduard"]
[Black "Zaichik, Gennadi"]
[Result "1-0"]
[WhiteElo "2480"]
[BlackElo "2480"]
[PlyCount "91"]
[EventDate "1983.08.??"]
[Source "ChessBase"]

1. e4 e5 2. Nf3 Nc6 3. Bb5 a6 4. Ba4 d6 5. Bxc6+ bxc6 6. d4 exd4 7. Qxd4 c5 8. Qd3 Ne7 9. Nc3 Nc6 10. Bf4 f6 11. O-O-O Be6 12. Qe2 Ne5 13. Kb1 Qc8 14. Nd5 Ng6 15. Bc1 Kf7 16. h4 h5 17. Ne1 Qb7 18. f4 Bg4 19. Nf3 c6 20. Nc3 Kg8 21. Qd3 Qf7 22. Rde1 c4 23. Qd4 Rb8 24. Rhf1 Bxf3 25. gxf3 Nxh4 26. f5 g5 27. fxg6 Nxg6 28. f4 Rh7 29. Rg1 Kh8 30. Re2 h4 31. Reg2 c5 32. Qd5 Ne7 33. Qxd6 Re8 34. Qd7 Rb8 35. f5 Bh6 36. Bxh6 Rxh6 37. Rh1 Qh7 38. Qd6 Rg8 39. Rgh2 h3 40. a4 Rg4 41. Qxc5 Rg3 42. Qxc4 Qg8 43. Qc5 Rh7 44. Ne2 Rf3 45. Qd6 Qf7 46. Nd4 1-0

[Event "NED Team Ch"]
[Site "NED"]
[Date "1993.??.??"]
[Round "4"]
[White "Van Mil, Johannes A J"]
[Black "Winants, Luc"]
[Result "1/2-1/2"]
[WhiteElo "2435"]
[BlackElo "2520"]
[PlyCount "34"]
[EventDate "1993.??.??"]
[Source "www.chesslib.no"]
[SourceDate "2004.05.04"]

1. e4 e5 2. Nf3 Nc6 3. Bb5 a6 4. Ba4 d6 5. Bxc6+ bxc6 6. d4 Nf6 7. Nc3 Nd7 8. O-O Be7 9. b3 O-O 10. Bb2 f6 11. Qe2 Kh8 12. Rad1 a5 13. Na4 Qe8 14. c4 Nb6 15. Nxb6 cxb6 16. Qe3 a4 17. b4 c5 1/2-1/2

[Event "SCG First League m"]
[Site "?"]
[Date "2005.10.21"]
[Round "5"]
[White "Markovic Miroslav"]
[Black "Brenjo Slavisa"]
[Result "1/2-1/2"]
[WhiteElo "2489"]
[BlackElo "2465"]
[PlyCount "78"]
[EventDate "2005.??.??"]
[Source "www.chesslib.no"]
[SourceDate "2004.05.04"]

1. e4 e5 2. Nf3 Nc6 3. Bb5 a6 4. Ba4 Nf6 5. Bxc6 bxc6 6. O-O d6 7. d4 exd4 8. Nxd4 Bd7 9. Qf3 c5 10. Nf5 Bxf5 11. Qxf5 Be7 12. e5 dxe5 13. Qxe5 O-O 14. Nc3 Bd6 15. Qf5 Re8 16. Qf3 Rb8 17. Bg5 h6 18. Bh4 g5 19. Bg3 Rxb2 20. Rad1 Rb4 21. Qd3 Rd4 22. Qxa6 Qa8 23. Qb5 Rb8 24. Qe2 Re8 25. Qf3 Qxf3 26. gxf3 Rc4 27. Rd3 Be5 28. Nb5 Rxc2 29. a4 c4 30. Ra3 Bxg3 31. hxg3 Nd5 32. Rd1 Nb4 33. a5 Nd3 34. Rf1 Rb2 35. Nxc7 Ree2 36. a6 Nxf2 37. Rxf2 Rxf2 38. a7 Rg2+ 39. Kf1 Rgf2+ 1/2-1/2

[Event "XXIII Open"]
[Site "Cappelle la Grande FRA"]
[Date "2007.03.05"]
[Round "4"]
[White "Goloshchapov, A."]
[Black "Laurent, B."]
[Result "1-0"]
[WhiteElo "2555"]
[BlackElo "2397"]
[PlyCount "77"]
[EventDate "2007.03.03"]
[Source "www.chesslib.no"]
[SourceDate "2004.05.04"]

1. e4 e5 2. Nf3 Nc6 3. Bb5 a6 4. Ba4 d6 5. O-O Nf6 6. Bxc6+ bxc6 7. d4 Be7 8. Re1 exd4 9. Nxd4 Bd7 10. c4 O-O 11. Nc3 Re8 12. h3 h6 13. Bf4 Nh7 14. Qc2 Nf8 15. Rad1 Ng6 16. Bh2 Bf6 17. Nf3 Qe7 18. Re3 Be6 19. b3 a5 20. e5 dxe5 21. Nxe5 Nxe5 22. Bxe5 Red8 23. Rde1 Bxe5 24. Rxe5 Qb4 25. R1e3 Rd4 26. Ne4 a4 27. Nf6+ gxf6 28. Rxe6 axb3 29. Rg3+ Kh8 30. Rxf6 Qf8 31. Qc1 Rd6 32. Qc3 Kh7 33. axb3 c5 34. Qc2+ Kh8 35. Qc3 Kh7 36. Qc2+ Kh8 37. Qf5 Rxf6 38. Qxf6+ Kh7 39. Qf5+ 1-0

[Event "EU-chT (Men)"]
[Site "Haifa"]
[Date "1989.??.??"]
[Round "9"]
[White "Kotronias, Vasilios"]
[Black "Tisdall, Jonathan D"]
[Result "1-0"]
[WhiteElo "2475"]
[BlackElo "2465"]
[PlyCount "89"]
[EventDate "1989.11.??"]
[Source "ChessBase"]

1. e4 e5 2. Nf3 Nc6 3. Bb5 a6 4. Ba4 d6 5. Bxc6+ bxc6 6. d4 exd4 7. Qxd4 c5 8. Qd3 g6 9. Nc3 Bg7 10. Bg5 f6 11. Bf4 Be6 12. h4 Nh6 13. Nd5 O-O 14. O-O-O Nf7 15. Bd2 a5 16. h5 g5 17. h6 Nxh6 18. Rxh6 Bxh6 19. Rh1 Bg7 20. e5 h6 21. exf6 Rxf6 22. Nxg5 hxg5 23. Bxg5 Bxd5 24. Qxd5+ Kf8 25. Bxf6 Bxf6 26. Rh3 c6 27. Qf5 Ke8 28. Rh7 Bg5+ 29. f4 Qf6 30. Qxg5 Qxg5 31. fxg5 Ra6 32. g6 Kf8 33. Rc7 c4 34. a4 d5 35. c3 Kg8 36. Rb7 Ra8 37. Rb6 Rf8 38. Rxc6 Rf1+ 39. Kc2 Rf2+ 40. Kb1 Kg7 41. Rc5 Rd2 42. Kc1 Rd3 43. Kc2 Kxg6 44. Rxa5 Kf5 45. g4+ 1-0

[Event "Jurmala"]
[Site "Jurmala"]
[Date "1985.??.??"]
[Round "7"]
[White "Kengis, Edvins"]
[Black "Balashov, Yuri S"]
[Result "1/2-1/2"]
[WhiteElo "2430"]
[BlackElo "2510"]
[PlyCount "29"]
[EventDate "1985.08.??"]
[Source "ChessBase"]

1. e4 e5 2. Nf3 Nc6 3. Bb5 a6 4. Ba4 d6 5. Bxc6+ bxc6 6. d4 Bg4 7. dxe5 dxe5 8. Qxd8+ Rxd8 9. Be3 f6 10. Nbd2 Bd6 11. h3 Be6 12. Nb3 Ne7 13. Nc5 Bxc5 14. Bxc5 Kf7 15. Nd2 1/2-1/2